000 00312nam a2200121Ia 4500
008 220204s9999 xx 000 0 und d
082 _a658.7
_bBAI
100 _aBaily, Peter
245 0 _aDesign of purchasing systems and records
260 _aEngland
_bGower
_c1971
700 _aTavernier, Gerald
942 _cBK
999 _c28033
_d28033